00987nam a2200205 a 450000100100000000500170001000800410002704000250006808200190009310000310011224500850014326000380022830000270026650000700029350400290036395201320039295201170052495201230064199900170076400004471820201002045556.0150107s2014 dr a 000 0 spa d aDO-SdBNPbspacBNPHU axxxxxxbxxxxxx1 aPalamara, Battesimo97271613aLa Estafa Magnífica :bensayo defensa de la soberanía /cBattesimo Palamara. aSanto Domingo :bKarabú,c2014. a117 p :bil. ;c21 cm. aIncluye datos biográficos del autor en la solapa de la cubierta aBibliografías : p. 117 001054708DSaGRbGRcHDd2015-01-07iLF1l0oxxxxxx xxxxxxp44718-30r2020-06-25te. 3w2020-06-25yLFDSZPréstamo en sala 0010718PDaPDbPDcHDd2015-01-07iLF1l0oxxxxxx xxxxxxp44718-10r2020-06-25w2020-06-25yLFPDZNo se presta 0010718PDaPDbPDcHDd2015-01-07iLF1l0oxxxxxx xxxxxxp44718-20r2020-06-25te. 2w2020-06-25yLFPDZNo se presta c44207d44207